| 000 | 00593nam a22002057a 4500 | ||
|---|---|---|---|
| 003 | 0 | ||
| 005 | 20251108105853.0 | ||
| 008 | 251108b xxu||||| |||| 00| 0 eng d | ||
| 020 | _a978-0-553-57679-5 | ||
| 050 |
_aPS 3607.A74 _b.G37 2009 |
||
| 100 |
_aGardner, Lisa, _eauthor. |
||
| 245 |
_aThe Other daughter / _cLisa Gardner. |
||
| 260 |
_aNew York, NY : _bBantam Dell, _c2009. |
||
| 300 |
_axii, 413 pages ; _c18 cm. |
||
| 650 | _aSuspense fiction. | ||
| 650 |
_aKidnapping _xFiction. |
||
| 650 |
_aMurder _xInvestigation _vFiction. |
||
| 650 | _aPsychological fiction. | ||
| 942 |
_2lcc _cBK |
||
| 999 |
_c368545 _d368545 |
||